000 02898 a2200277 4500
005 20250205101226.0
020 _a9781032565668
050 0 0 _aK 3585.5
_bVAR 2025
100 1 _aVarvastian, Samvel,
_d1988-
_eauthor.
245 1 0 _aHuman rights approaches to planetary crises :
_bfrom climate change to plastic pollution /
_cSamvel Varvastian.
264 1 _aAbingdon, Oxon ;
_aNew York, NY :
_bRoutledge,
_c2025.
300 _axxx, 191 pages ;
336 _atext
_btxt
_2rdacontent
337 _aunmediated
_bn
_2rdamedia
338 _avolume
_bnc
_2rdacarrier
504 _aIncludes bibliographical references and index.
505 0 _aThe age of planetary crises -- Human rights mechanisms -- Constitutional rights.
520 _a"This book analyses over twenty years of rights-based litigation in the areas of climate change and plastic pollution in order to assess the value of rights in confronting and overcoming planetary crises. We live in an age of planetary crises such as climate change, biodiversity loss, and plastic pollution, which take a huge toll on communities all around the world, endangering their fundamental interests. But can the lack of government action on these crises, or action that worsens them, amount to violations of human rights? Many courts are grappling with this question, as rights-based litigation becomes increasingly common. By focusing on climate change and plastic pollution as case studies, this book examines the viability of rights claims when confronting planetary crises in courts. From early attempts to pursue rights claims in response to planetary crises in the 2000s, to high-profile court wins in such cases in the 2010s, and to the spread of such cases across dozens of jurisdictions by the 2020s, rights claims in climate change and plastic pollution litigation have become a truly global phenomenon. Through a systematic and in-depth analysis of such litigation in more than thirty jurisdictions, this book identifies factors that determine the viability of rights claims when confronting planetary crises. It reveals that, even though not all litigation fora are equally favourable to such claims, human rights can indeed be successfully invoked in different types of legal action. This book will be of considerable interest to policymakers, legal scholars and practitioners, as well as students, who work in or study environmental and climate change law, human rights law, constitutional law, and international and comparative law"--
650 0 _aClimatic changes
_xLaw and legislation.
650 0 _aPlastic scrap
_xLaw and legislation.
650 0 _aPlastic scrap
_xEnvironmental aspects.
650 0 _aPlastic marine debris
_xEnvironmental aspects.
650 0 _aInternational law and human rights.
942 _2lcc
_cBK
_h3585.5
_iVAR
_kK
999 _c11443
_d11443